000 00552nam a22001697a 4500
003 SGT
020 _a9789352025985
082 _a330.954
100 _aPURI,V.K.
245 _aINDIAN ECONOMY
250 _a33rd
260 _aNEW DELHI
_bHPH
_c2015
300 _a845
650 _aECNOMICS
653 _aECONOMIC DEVELOPMENT: A THEORETICAL BACKGROUND,STRUCTURE OF THE INDIAN ECONOMY.BASIC ISSUES IN AGRICULTURE,THE INDUSTRIAL SECTOR AND SERVICES INDIAN ECONOMY.FOREIGN TRADE AND FOREIGN CAPITAL,MONEY AND BANKING,PUBLIC FINANCE
942 _2ddc
_cFCM
_01
999 _c8961
_d8961